000 00354nam a2200145Ia 4500
008 240729s9999 xx 000 0 und d
022 _a2072-4292
245 0 _aRemote Sensing
260 _aSwitzerland
260 _bMDPI AG
650 _aScience
856 _uhttps://doaj.org/toc/486dc6d5d5dc490c9e7bc614e94a22cd
942 _2ddc
942 _cDOAJEJ
999 _c73959
_d73959
945 _a1
_bMadushi Gamage
_c1
_dMadushi Gamage